000 01029pam a2200277 a 4500
005 20180730073435.0
008 160309s1995 enkad fr 001 0 eng d
020 _a9780415106313
040 _aCO-BoUCM
_cSandra Palacio
_dSandra Palacio
_bspa
041 0 _aeng
060 _aW 21
245 0 0 _aHealth professions and the state in Europe
_ceditado por Terry Johnson, Gerry Larkin y Mike Saks
260 _aLondres (Inglaterra)
_bRoutledge
_c1995
300 _aviii, 237 páginas
_bilustraciones, tablas
504 _aIncluye referencias bibliográficas e índices
650 7 _aServicios de salud
_zEuropa
_924305
650 7 _aPersonal de salud
_zEuropa
_921403
650 7 _aSalud como profesión
_zEuropa
_923921
690 _aMedicina general
_919160
650 7 _97913
_aPersonal médico
_zEuropa
700 1 _aJohnson, Terry
_d1934-2006
_eeditor
_976119
700 1 _aLarkin, Gerald
_eeditor
_976120
700 1 _aSaks, Mike
_976121
942 _2NLM
_a15
_cLIBRORESER
_e1
_hW 21
_mH434he
_n0
999 _c302804
_d302804